000 00796nam a22002295i 4500
001 157158
003 ES-MaACL
005 20251013212910.0
008 040809s1898 fr a |||| | fre d
040 _aCAM
_bspa
_cCAM
080 _a929 Racine, Jean
080 _a821.133.1 Racine, Jean 1.06
100 1 _aLarroumet, Gustave.
_9128710
245 1 0 _aRacine /
_cpar Gustave Larroumet.
260 _aParis :
_bLibrairie Hachette et Cie.,
_c1898 (
_eCoulommiers :
_fImp. Paul Brodard)
300 _a206 p., [1] h. de lám. ;
_c19 cm.
490 1 _aLes grands écrivains françaises
600 1 4 _aRacine, Jean,
_d1639-1699
_994887
830 0 _aLes grands écrivains françaises
_9188084
852 _aES-MaACL
_jB-3173(1)
_z-- Enc. pasta española, con otra obra
999 _c157158
_d157158